Antworten mit gleichem Anfangs- und Endbuchstaben: T - Statistiken

Allgemein
  • Dieses Quiz wurde 385 mal gespielt
  • Das Durchschnittsergebnis liegt bei 18 aus 38
Antwortstatistiken
Hinweis Antwort % Korrekt
nicht lebendig tot
100%
Sprengstoff (Abkürzung) TNT
95%
begabt talentiert
83%
letzter Wille Testament
79%
Gespräch per Fernsprechgerät Telefonat
77%
geröstetes Brot; Trinkspruch Toast
76%
Kleidungsstück für den Oberkörper mit kurzen Ärmeln T-Shirt
75%
Dieses rote Getränk schmeckt im Flugzeug angeblich besser als auf dem Boden. (11 Buchstaben) Tomatensaft
65%
Platte zum Transportieren und Servieren von Speisen und Getränken Tablett
64%
z. B. Klavier, Keyboard, Akkordeon Tasteninstrument
64%
Gesichtsfarbe Teint
64%
Veterinär Tierarzt
57%
seelischer Beistand Trost
57%
Aktivität, Beschäftigung; Job Tätigkeit
56%
Sporthemd, Dress Trikot
56%
durchsichtig; verständlich und durchschaubar transparent
55%
z. B. G-Dur, a-Moll Tonart
53%
Haarersatzteil, Halbperücke Toupet
53%
in der Musik: zeitliche Struktur eines Musikstücks; im zwischenmenschlichen Bereich: Feingefühl, Einfühlungsvermögen Takt
51%
Region in Zentralasien; autonomes Gebiet der Volksrepublik China Tibet
50%
traurig, trostlos, öde trist
45%
tödliche Infektionskrankheit bei Tieren, die auch auf den Menschen übertragbar ist (7 Buchstaben) Tollwut
43%
Transportmittel für Menschen, die Etagen im Haus nicht aus eigener Kraft überwinden können Treppenlift
42%
englisch: Ziel, Zielscheibe target
41%
Bekleidung einer Volks- oder Berufsgruppe (6 Buchstaben) Tracht
35%
Sportler, z. B. Jan Frodeno, Sebastian Kienle, Patrick Lange Triathlet
34%
So bezeichnete man früher eine Abgabe oder Steuer, die einzelne Bürger oder auch untergebene Völker ihrem Herrscher oder Staat entrichten mussten; heute benutzt man das Wort vor allem in der Redewendung "jemandem ... zollen". Tribut
34%
italienische Großstadt (3 Möglichkeiten!) Triest/Tarent/Trient
34%
Tanz, der Anfang der 1960er Jahre weltweit populär war (5 Buchstaben) Twist
30%
Deutscher Name der russischen Stadt Sowetsk (Oblast Kaliningrad). Sie ist u. a. für eine bestimmte Käsesorte bekannt. (6 Buchstaben) Tilsit
23%
asiatische Hauptstadt Taschkent
22%
Musikstück für drei Instrumente oder drei Singstimmen Terzett
20%
dumm, lächerlich (7 Buchstaben) töricht
18%
27. Präsident der Vereinigten Staaten: William Howard ... Taft
17%
Mechanismus bei einem Flipperautomaten, der dafür sorgt, dass der Spieler die aktuelle Kugel verliert, wenn er den Automaten zu oft anhebt oder dagegen schlägt (4 Buchstaben) Tilt
13%
Dreifaltigkeit Trinität
13%
Nicht zu verwechseln mit den obigen beiden Begriffen: veralteter Ausdruck für den Bezug eines Konferenztisches. Wird heute noch verwendet in der Redewendung "etwas aufs ... bringen" (= etwas zur Sprache bringen). Tapet
7%
Stummfilm aus dem Jahr 2011, der den Oscar als bester Film gewann (englischer Titel, 2 Wörter) The Artist
5%
Keine übereinstimmenden Quizze gefunden
Verteilung der Resultate
Anzahl Personen mit jedem Resultat
Perzentil nach korrekt beantworteten Fragen
Ihre Resultats-Entwicklung
Sie haben dieses Quiz noch nicht gespielt